00349pam a2200133 a 4500020002000000041000800020082001800028100004500046245006000091250000700151260002100158300002200179650001400201 a9780323796507c aeng a616.0757bHAM aHAMILTON B.E. , KOCH B.L. , VATTOTH S. . aDIAGNOSTIC IMAGING : HEAD AND NEEK hTextual Documents a4. bELSEVIER c2022. a1253:bXXIV+eHB. aRADIOLOGY